00232nam a2200109Ia 4500100001100000250000900011942000700020245003300027260002900060082001400089999001900103 aloshin a1998 cBK aEfficient memory programming amc grawhill book company a5.43bLOS c422723d422723